000 00408nam a2200145 i 4500
001 80702
003 ES-MaACL
007 t|
008 041029s1954 sp ||||1| spa d
100 1 _aHolguin, Andrés.
_964013
245 1 0 _aPoesía francesa
_b: antología /
_cAndrés Holguin.
260 _aMadrid :
_bGuadarrama,
_c1954 (
_fCastilla)
300 _a702 p. ;
_c24 cm.
852 _aES-MaACL
_jC-9051
_bR.37218
999 _c80702
_d80702